| 000 | 00513nam a22001937a 4500 | ||
|---|---|---|---|
| 003 | OSt | ||
| 005 | 20160317140547.0 | ||
| 008 | 160317b xxu||||| |||| 00| 0 eng d | ||
| 020 | _a1555583342 | ||
| 040 | _cDDC | ||
| 082 | _a005.74 NAT 2005 | ||
| 100 |
_aNatan, Ron Ben _97379 |
||
| 245 | _aImplementing Database Security and Auditing | ||
| 260 | _aUK;Elsevier Digital Press, 2005 | ||
| 300 | _axvii, 413p; ill: 25cm | ||
| 504 | _aCodes, & index included | ||
| 650 |
_aDatabases _95606 |
||
| 942 |
_2z _cO_SHELF |
||
| 999 |
_c3290 _d3290 |
||